00601nam a2200181Ia 4500003000900000008004100009040001600050080001400066100002200080245006600102260003900168300001600207650001800223650004100241942000700282999001500289952011500304IN-BaIIA211028s9999 xx 000 0 eng d cIIA Library a52bWEB-2 aWebb, T. W.94859 0aCelestial objects for common telescopsbvol. IIcWebb T. W.  aNew YorkbDover Publicationsc1962 axiii, 351p. aAstronomy980 aAstronomy and Astrophysics thesaurus cBK c3203d3203 00104070aBANbKODcGENd1969-03-03g16.20l0o52/ WEB-2p3558r2021-11-05v16.20w1969-03-03yBKGRs. 16.20